Packing Heat: Movies III Quiz Stats

 Plays Quiz Updated May 21, 2014

Support Sporcle.
Go Orange.
Score 0/24 Timer 05:00
1 Play Today
% Correct
Dumb and Dumber
82.4%
Se7en
78.7%
Inception
73.8%
Zombieland
68.9%
Robocop
67.5%
A Christmas Story
66.3%
Inglourious Basterds
61.1%
The Departed
59.7%
Planet of the Apes
52%
Road to Perdition
48%
Boondock Saints
46.9%
Big Trouble in Little China
46.6%
% Correct
Natural Born Killers
45%
Back to the Future III
43.9%
Collateral
41.2%
Clue
34.5%
From Dusk Till Dawn
34.2%
Snatch
31.7%
American Beauty
28.7%
Idiocracy
22.9%
The French Connection
22.2%
City of God
20.5%
Insomnia
15.4%
Miller's Crossing
4.9%

You're not logged in!

Compare scores with friends on all Sporcle quizzes.
OR
Log In
Forgot?

From the Vault

Fill in the Lyrics II

by rer2121

Music 5m
If you get the answer wrong, don't worry, you just wrote an entirely new song. Next step? Profit.
Remove Ads.
Support Sporcle.
Get the best of Sporcle when you Go Orange. This ad-free experience offers more features, more stats, and more fun while also helping to support Sporcle. Thank you for becoming a member.

Show Comments

Extras

Top Quizzes Today


Score Distribution

Your Account Isn't Verified!

In order to create a playlist on Sporcle, you need to verify the email address you used during registration. Go to your Sporcle Settings to finish the process.

Report this User

Report this user for behavior that violates our Community Guidelines.

Details: